000 00745cab a2200205 4500
001 WB2820-49
008 090401t1992 xxu||||| |||| 00| 0 eng d
035 _a(Sirsi) u13007
041 _aeng
245 _aU-turn on ARCUK
260 _c1992
350 _a0
490 _aBuilding
_v257(7746) 22 May 1992, 12(1)
520 _aSenior RIBA officials have been forced to make a complete U-turn over their call for the abolition of the Architects Registration Council - after a majority in a poll of the institute`s 29,000 members called for it to be retained.
650 _aARCHITECTS REGISTRATION COUNCIL
650 _aQUALIFICATIONS
690 _aMANAGEMENT-BUSINESS MANAGEMENT-PROFESSIONAL PRACTICE
942 _n0
948 _c04/03/1997
999 _c8358
_d8358